<?xml version="1.0" encoding="UTF-8"?>
<collection xmlns="http://www.loc.gov/MARC21/slim">
 <record>
  <leader>     na                 </leader>
  <controlfield tag="001">INLIS000000000888921</controlfield>
  <controlfield tag="005">20250923091648</controlfield>
  <datafield tag="035" ind1=" " ind2=" ">
   <subfield code="a">0010-0925000052</subfield>
  </datafield>
  <controlfield tag="006">aa   g      000 0</controlfield>
  <controlfield tag="007">ta</controlfield>
  <controlfield tag="008">250923                g          0 ind  </controlfield>
  <datafield tag="020" ind1=" " ind2=" ">
   <subfield code="a">978-979-29-4709-0</subfield>
  </datafield>
  <datafield tag="040" ind1=" " ind2=" ">
   <subfield code="a">JKPNPNA</subfield>
   <subfield code="b">ind</subfield>
   <subfield code="e">rda</subfield>
  </datafield>
  <datafield tag="082" ind1=" " ind2=" ">
   <subfield code="a">632.9</subfield>
  </datafield>
  <datafield tag="084" ind1=" " ind2=" ">
   <subfield code="a">632.9 WIN p</subfield>
  </datafield>
  <datafield tag="100" ind1="0" ind2=" ">
   <subfield code="a">Winarti,</subfield>
   <subfield code="e">Pengarang</subfield>
  </datafield>
  <datafield tag="245" ind1="1" ind2=" ">
   <subfield code="a">Pestisida organik :</subfield>
   <subfield code="b">langkah mudah meramu pestisida organik sendiri /</subfield>
   <subfield code="c">Winarti &amp; Tim Redaksi Cemerlang ; editor, Maya</subfield>
  </datafield>
  <datafield tag="264" ind1=" " ind2=" ">
   <subfield code="a">Yogyakarta :</subfield>
   <subfield code="b">Lily Publisher,</subfield>
   <subfield code="c">2015</subfield>
  </datafield>
  <datafield tag="300" ind1=" " ind2=" ">
   <subfield code="a">vi, 135 halaman :</subfield>
   <subfield code="b">ilustrasi berwarna ;</subfield>
   <subfield code="c">23 cm</subfield>
  </datafield>
  <datafield tag="336" ind1=" " ind2=" ">
   <subfield code="2">rdacontent</subfield>
   <subfield code="a">teks</subfield>
  </datafield>
  <datafield tag="337" ind1=" " ind2=" ">
   <subfield code="2">rdamedia</subfield>
   <subfield code="a">tanpa perantara</subfield>
  </datafield>
  <datafield tag="338" ind1=" " ind2=" ">
   <subfield code="2">rdacarrier</subfield>
   <subfield code="a">volume</subfield>
  </datafield>
  <datafield tag="504" ind1=" " ind2=" ">
   <subfield code="a">Bibliografi : halaman 133-134</subfield>
  </datafield>
  <datafield tag="520" ind1=" " ind2=" ">
   <subfield code="a">Dewasa ini, pertanian yang sehat dan organik atau bebas dari bahan-bahan kimia berbahaya merupakan dambaaan setiap orang. Ditambah makin besarnya minat pemerintah untuk mengembangkannya, berarti semakin banyak orang pertanian yang membutuhkan buku pedoman untuk menambah wawasan. &#13;
&#13;
Manfaat kembali ke alam dengan menggunakan bahan-bahan alami jauh lebih baik dan sehat, sehingga menghindarkan manusia dari segala penyakit. Kesehatan badan dan lingkungan semakin banyak dipedulikan dan pertanian organik membantu itu semua. &#13;
Buku ini memberikan pengantar tentang pertanian organik dan pestisida organik yang dapat dibuat sendiri, bahan-bahannya mudah dan ada di sekitar kita. Selain ramah lingkungan, pestisida organik juga dapat menjadi peluang usaha. Cara membuatnya yang tidak repot dapat dipraktikkan kapan dan di mana saja. Oleh karena itu, marilah kita mengubah perilaku dan cara berpikir menuju pada kehidupan dan masa depan pertanian yang lebih baik.</subfield>
  </datafield>
  <datafield tag="650" ind1=" " ind2="4">
   <subfield code="a">Pestisida organik</subfield>
  </datafield>
  <datafield tag="650" ind1=" " ind2="4">
   <subfield code="a">pertanian organik</subfield>
  </datafield>
  <datafield tag="700" ind1="0" ind2=" ">
   <subfield code="a">Maya</subfield>
   <subfield code="e">editor</subfield>
  </datafield>
  <datafield tag="710" ind1="2" ind2=" ">
   <subfield code="a">Tim Redaksi Cemerlang</subfield>
   <subfield code="e">pengarang</subfield>
  </datafield>
  <datafield tag="850" ind1=" " ind2=" ">
   <subfield code="a">JKPNPNA</subfield>
  </datafield>
  <datafield tag="990" ind1=" " ind2=" ">
   <subfield code="a">2025/HD/0190</subfield>
  </datafield>
 </record>
</collection>
